000 00627nam a22001937a 4500
005 20240102130027.0
010 _aENG-138104
020 _a9789390434015
_c1025.00
035 _aEN-121636
037 _bDBAD/PUB
082 _a581.2
100 _aDutta, Pranab
_960540
245 _aA textbook on Plant Pathology:
_bFor UG & PG Students/
_cBy Pranab Dutta and Phatik Tamuli
260 _aAssam
_bEBH Publishers
_c2021
270 _a136, M.L Nehru Road, panbazar
_bGuwahati-178 ( Assam)
_e781 001
300 _a206p.
_c24cm(pbk)
_bIndex
700 _956828
_aTamuli, Phatik
942 _2ddc
_cEN
_h581.2
_mDUT
999 _c198296
_d198296